Action in infancy - perspectives, concepts, and challenges (Record no. 354026)
[ view plain ]
| 000 -LEADER | |
|---|---|
| fixed length control field | 00387nam a2200097Ia 4500 |
| 008 - FIXED-LENGTH DATA ELEMENTS--GENERAL INFORMATION | |
| fixed length control field | 180130s9999 xx 000 0 und d |
| 245 ## - TITLE STATEMENT | |
| Statement of responsibility, etc | Smitsman, Ad W.; Corbetta, Daniela |
| Title | Action in infancy - perspectives, concepts, and challenges |
| 260 ## - PUBLICATION, DISTRIBUTION, ETC. (IMPRINT) | |
| Date of publication, distribution, etc | 2014 |
| 300 ## - PHYSICAL DESCRIPTION | |
| Extent | Book title: Blackwell handbook of infant development--Acession number C19029; pages 169-205 |
| 650 ## - SUBJECT ADDED ENTRY--TOPICAL TERM | |
| Topical term or geographic name as entry element | INFANTS--DEVELOPMENT |
| Withdrawn status | Lost status | Damaged status | Home library | Current library | Date acquired | Total Checkouts | Date last seen | Price effective from | Koha item type |
|---|---|---|---|---|---|---|---|---|---|
| College Library | College Library | 01/30/2018 | 01/30/2018 | 01/30/2018 | Book Chapter |